An inquiry in to The Next Global Economies / (Record no. 192294)

MARC details
000 -LEADER
fixed length control field 00596nam a22001817a 4500
005 - DATE AND TIME OF LATEST TRANSACTION
control field 20220922114245.0
010 ## - LCCN (DPL NO)
LC control number ENG-135100
020 ## - INTERNATIONAL STANDARD BOOK NUMBER
International Standard Book Number 9789382974581
Terms of availability 995.00
035 ## - SYSTEM CONTROL NUMBER
System control number EN-118632
037 ## - SOURCE OF ACQUISITION
Source of stock number/acquisition DBAD/PUB
082 ## - DEWEY DECIMAL CLASSIFICATION NUMBER
Classification number 338.90091724
100 ## - MAIN ENTRY--PERSONAL NAME
Personal name Ghosal,Surajit
245 ## - TITLE STATEMENT
Title An inquiry in to The Next Global Economies /
Statement of responsibility, etc by Surajit Ghosal
260 ## - PUBLICATION, DISTRIBUTION, ETC. (IMPRINT)
Place of publication, distribution, etc Delhi
Name of publisher, distributor, etc Navyug Books International
Date of publication, distribution, etc 2017
270 ## - ADDRESS
Address K-129,3-1/2 Pusta Main Road,Near Shiv Om Jewallers Gautam vihar,
City Delhi
Postal code 110053
300 ## - PHYSICAL DESCRIPTION
Extent xiii,293p.
Dimensions 22cm(Hb)
942 ## - ADDED ENTRY ELEMENTS (KOHA)
Source of classification or shelving scheme Dewey Decimal Classification
Item type English Books
Classification part 338.90091724
Call number suffix GHO
Holdings
Withdrawn status Lost status Not for loan Collection code Home library Current library Date acquired Source of acquisition Cost, normal purchase price Full call number Barcode Copy number Cost, replacement price Koha item type
      Non-fiction Bawana Bawana 16/09/2022 DBAD/PUB 995.00 338.90091724 GHO EN-118632 1 995.00 English Books

© Delhi Public Library
Hit Counter
free hit counter